El Republicanisme / Josep Lluís Martí Màrmol
Descripción Física:
42 p. ; 30 cm
Colección:
Síntesi. Centre per a la Innovació Local ; 3
Materias:
Republicanisme
MARC
| LEADER | 00000nam a2200000Ia 4500 | ||
|---|---|---|---|
| 001 | 16079 | ||
| 008 | 160829s2002 xx 000 0 cat d | ||
| 080 | |a FU-41-6 | ||
| 100 | |a Martí Màrmol, Josep Lluís |9 39154 | ||
| 245 | |a El Republicanisme / Josep Lluís Martí Màrmol | ||
| 250 | |a Ed. no venal | ||
| 260 | |a Barcelona : |b Diputació de Barcelona, |c 2002 | ||
| 300 | |a 42 p. ; |c 30 cm | ||
| 490 | |a Síntesi. Centre per a la Innovació Local ; 3 | ||
| 590 | |a Bibliografia. | ||
| 590 | |a A la coberta: Diputació de Barcelona, Xarxa de Municipis ; Flor de Maig, Centre per a la Innovació Local | ||
| 650 | |a Republicanisme |9 39155 | ||
| 710 | 1 | |a Barcelona (Catalunya : Província). |b Diputació |9 52408 | |
| 710 | 2 | |a Centre per a la Innovació Local |9 54171 | |
| 901 | |a Arxiu | ||
| 942 | |n 1 | ||
| 952 | |0 0 |1 0 |4 0 |6 FU416 |7 1 |9 48838 |a Arxiu |b Arxiu |d 2016-12-01 |l 0 |o FU-41-6 |p 16079 |r 2016-12-01 00:00:00 |w 2016-12-01 |y ARXIU | ||
| 999 | |c 52673 |d 52673 | ||